[Event "Sydney International Open"]
[Site "Parramatta, NSW"]
[Date "2009.04.19"]
[Round "9.10"]
[White "Minor, Samuel"]
[Black "Rathnakaran, K."]
[Result "0-1"]
[WhiteElo "2216"]
[BlackElo "2427"]
[PlyCount "86"]
[EventDate "2009.04.15"]
[EventType "swiss"]
[EventRounds "9"]
[EventCountry "AUS"]
[SourceDate "2009.04.15"]

1. e4 e6 2. d3 d5 3. Qe2 dxe4 4. dxe4 e5 5. Nf3 Nc6 6. c3 Nf6 7. Qc2 a5 8. Bb5
Bd6 9. O-O O-O 10. h3 Nh5 11. Bg5 Ne7 12. Be2 f6 13. Be3 Qe8 14. Nh2 Qg6 15.
Bg4 f5 16. exf5 Nxf5 17. Nd2 Nf6 18. Nc4 e4 19. Nxd6 cxd6 20. Bxf5 Bxf5 21. Kh1
d5 22. Rad1 Be6 23. Rfe1 Rf7 24. Rd2 b5 25. a3 Rc8 26. Rd4 Ne8 27. Qe2 Nd6 28.
Ng4 Qf5 29. a4 h5 30. Nh2 bxa4 31. Rxa4 Nc4 32. Bd4 Rb8 33. Ra2 Rfb7 34. b4
axb4 35. cxb4 Rxb4 36. Nf1 Qg5 37. Ne3 Ne5 38. Bc5 Rb1 39. Ra6 Nd7 40. Rxb1
Rxb1+ 41. Kh2 Nxc5 42. Rc6 Qe5+ 43. g3 Qa1 0-1

[Event "Sydney International Open"]
[Site "Parramatta, NSW"]
[Date "2009.04.19"]
[Round "9.11"]
[White "Wright, Neil"]
[Black "Lane, Gary"]
[Result "0-1"]
[WhiteElo "2208"]
[BlackElo "2371"]
[PlyCount "70"]
[EventDate "2009.04.15"]
[EventType "swiss"]
[EventRounds "9"]
[EventCountry "AUS"]
[SourceDate "2009.04.15"]

1. Nf3 f5 2. c4 Nf6 3. Nc3 d6 4. d4 g6 5. e3 Bg7 6. Be2 O-O 7. O-O Qe8 8. b4 e5
9. Qc2 c6 10. a4 e4 11. Nd2 d5 12. Ba3 Rf7 13. cxd5 cxd5 14. Rfc1 Nc6 15. b5
Ne7 16. a5 g5 17. Na4 f4 18. Qd1 Nf5 19. Nf1 Nh4 20. Bh5 f3 21. Bxf7+ Qxf7 22.
Qc2 Bd7 23. Qc7 fxg2 24. Nd2 Ng4 25. Qg3 Qf5 26. a6 b6 27. Rc7 Ne5 28. Rac1 h5
29. Rxd7 Nxd7 30. Rc7 Nf6 31. Rb7 Rc8 32. Nc5 bxc5 33. b6 Nf3+ 34. Nxf3 exf3
35. bxa7 Qd3 0-1

[Event "Sydney International Open"]
[Site "Parramatta, NSW"]
[Date "2009.04.19"]
[Round "9.12"]
[White "Smirnov, Vladimir"]
[Black "Ayvazyan, Armen"]
[Result "1-0"]
[WhiteElo "2365"]
[BlackElo "2210"]
[PlyCount "97"]
[EventDate "2009.04.15"]
[EventType "swiss"]
[EventRounds "9"]
[EventCountry "AUS"]
[SourceDate "2009.04.15"]

1. d4 Nf6 2. c4 e6 3. Nf3 c5 4. e3 d5 5. b3 cxd4 6. Nxd4 Bb4+ 7. Bd2 Bc5 8. Nf3
O-O 9. Be2 Nc6 10. O-O Qe7 11. Bc3 Rd8 12. Qc1 e5 13. cxd5 Nxd5 14. Bb2 Bg4 15.
Nc3 Nf6 16. Rd1 e4 17. Nd2 Bxe2 18. Nxe2 Ne5 19. Bxe5 Qxe5 20. Qc3 Qe7 21. Nf1
Bd6 22. Rac1 h5 23. Qa5 g6 24. Qg5 Kh7 25. h3 Be5 26. Nfg3 Rxd1+ 27. Rxd1 Re8
28. Nf4 a6 29. Nge2 Qc7 30. g4 Bxf4 31. Nxf4 Qe5 32. Qxe5 Rxe5 33. gxh5 gxh5
34. Rd6 Kg7 35. Rb6 Re7 36. Kg2 h4 37. a4 Rd7 38. Kf1 Nh7 39. Ng2 Ng5 40. Nxh4
Nxh3 41. Kg2 Ng5 42. Nf5+ Kf8 43. Kg3 Ne6 44. b4 a5 45. Nd6 axb4 46. Nxb7 Rd1
47. Rxb4 Rg1+ 48. Kh2 Rg4 49. f3 1-0

[Event "Sydney International Open"]
[Site "Parramatta, NSW"]
[Date "2009.04.19"]
[Round "9.14"]
[White "Fernandez, Daniel Howard"]
[Black "Swathi, Ghate"]
[Result "1-0"]
[WhiteElo "2171"]
[BlackElo "2330"]
[PlyCount "89"]
[EventDate "2009.04.15"]
[EventType "swiss"]
[EventRounds "9"]
[EventCountry "AUS"]
[SourceDate "2009.04.15"]

1. e4 c5 2. b4 cxb4 3. a3 bxa3 4. d4 g6 5. Rxa3 Bg7 6. Bc4 Qb6 7. Ne2 d6 (7...
Qxb1 8. Rb3 Qa1 9. Ra3 Qb1 $11) 8. O-O Nc6 9. Be3 Qd8 10. f4 Nf6 11. f5 d5 12.
exd5 Nxd5 13. fxg6 hxg6 14. Bf2 Be6 15. Bb3 b5 16. Ra6 Qc7 17. h3 Rd8 18. c4
Ndb4 19. cxb5 Bxb3 20. Qxb3 Nxa6 21. Bg3 e5 22. bxc6 O-O 23. d5 Qa5 24. Nbc3
Nc7 25. Rd1 Rfe8 26. Kh2 Qc5 27. Ne4 Qb5 28. Qxb5 Nxb5 29. d6 f5 30. Bh4 Rc8
31. d7 fxe4 32. dxe8=Q+ Rxe8 33. Bd8 a6 34. c7 Na7 35. Nc3 e3 36. Nd5 e4 37.
Nxe3 a5 38. Rb1 Bd4 39. Rb7 Nc8 40. Nc2 Ba7 41. Rb8 Nd6 42. Ra8 Bb6 43. c8=Q
Nxc8 44. Bxb6 a4 45. Bc5 1-0

[Event "Sydney International Open"]
[Site "Parramatta, NSW"]
[Date "2009.04.19"]
[Round "9.15"]
[White "Rej, Tomek"]
[Black "McNamara, Gary"]
[Result "1-0"]
[WhiteElo "2308"]
[BlackElo "2114"]
[PlyCount "51"]
[EventDate "2009.04.15"]
[EventType "swiss"]
[EventRounds "9"]
[EventCountry "AUS"]
[SourceDate "2009.04.15"]

1. d4 g6 2. c4 Bg7 3. e4 d6 4. Nf3 Nf6 5. Nc3 O-O 6. Be2 Na6 7. O-O Qe8 8. Rb1
c5 9. d5 e5 10. dxe6 Bxe6 11. Bf4 Rd8 12. Bxd6 Qc6 13. e5 Ne8 14. Nd5 Rxd6 15.
exd6 Qxd6 16. Qd2 Bxd5 17. Qxd5 Qe7 18. Qd2 Nf6 19. a3 Rd8 20. Qc2 Bf8 21. Rbd1
Rc8 22. Rfe1 Nb8 23. Bd3 Qc7 24. Be4 Nxe4 25. Qxe4 Nc6 26. Qg4 1-0

[Event "Sydney International Open"]
[Site "Parramatta, NSW"]
[Date "2009.04.19"]
[Round "9.16"]
[White "Solomon, Stephen"]
[Black "Watson, James"]
[Result "1-0"]
[WhiteElo "2455"]
[BlackElo "2101"]
[PlyCount "37"]
[EventDate "2009.04.15"]
[EventType "swiss"]
[EventRounds "9"]
[EventCountry "AUS"]
[SourceDate "2009.04.15"]

1. e4 d5 2. exd5 Nf6 3. d4 Bg4 4. f3 Bf5 5. Bb5+ c6 6. dxc6 Qa5+ 7. Nc3 Nxc6 8.
Qe2 O-O-O 9. Bxc6 bxc6 10. Qc4 Qb6 11. Nge2 Bxc2 12. Be3 Bg6 13. Rc1 Kb7 14. d5
Qxe3 15. dxc6+ Kc7 16. Nb5+ Kb6 17. c7 Qd2+ 18. Kf2 Rc8 19. Qc5+ 1-0

[Event "Sydney International Open"]
[Site "Parramatta, NSW"]
[Date "2009.04.19"]
[Round "9.17"]
[White "Nakauchi, Gene"]
[Black "Mahmud, Syarif"]
[Result "0-1"]
[WhiteElo "2076"]
[BlackElo "2373"]
[PlyCount "124"]
[EventDate "2009.04.15"]
[EventType "swiss"]
[EventRounds "9"]
[EventCountry "AUS"]
[SourceDate "2009.04.15"]

1. d4 Nf6 2. c4 g6 3. g3 Bg7 4. Bg2 c5 5. d5 d6 6. Nc3 O-O 7. e4 e5 8. f3 Nh5
9. Nh3 a6 10. a4 f5 11. exf5 gxf5 12. O-O Qe8 13. Nf2 Nd7 14. Nd3 Qg6 15. Qe2
Ndf6 16. f4 e4 17. Nf2 Re8 18. Be3 Kh8 19. Ra3 Bh6 20. Qd2 Rg8 21. Ne2 a5 22.
Rb3 Qf7 23. Nc3 Qe7 24. Nb5 b6 25. Nh3 Ng4 26. Ng5 Bg7 27. Nxd6 Bf6 28. Nxc8
Raxc8 29. Ne6 Qd6 30. Bh3 Rce8 31. Bxg4 Rxg4 32. Kf2 Reg8 33. Ke1 h6 34. Bf2
Kh7 35. Qd1 Ng7 36. Nxg7 R8xg7 37. h3 R4g6 38. Kd2 Bd4 39. Kc1 Qf6 40. Be1 Qe7
41. Qh5 Qd7 42. Rb5 Qf7 43. Qe2 Rd6 44. g4 Rdg6 45. Bh4 Bf6 46. Be1 Bd8 47. Bc3
Rg8 48. Be5 fxg4 49. f5 Rg5 50. Qxe4 g3 51. f6+ Qg6 52. Qxg6+ Kxg6 53. Bf4 Rf5
54. Rg1 Rxf4 55. Rxg3+ Kf7 56. Re3 Rxc4+ 57. Kd2 Rg2+ 58. Kd3 Rd4+ 59. Kc3 Bxf6
60. Rxb6 Rb4+ 61. Rxf6+ Kxf6 62. d6 Rd4 0-1

[Event "Sydney International Open"]
[Site "Parramatta, NSW"]
[Date "2009.04.19"]
[Round "9.18"]
[White "Morris, James"]
[Black "Illingworth, Max"]
[Result "1-0"]
[WhiteElo "2114"]
[BlackElo "2243"]
[PlyCount "77"]
[EventDate "2009.04.15"]
[EventType "swiss"]
[EventRounds "9"]
[EventCountry "AUS"]
[SourceDate "2009.04.15"]

1. e4 d5 2. Nc3 dxe4 3. Nxe4 Qd5 4. d3 e5 5. Nf3 Nc6 6. g3 Bg4 7. Bg2 f6 8. h3
Be6 9. O-O O-O-O 10. Be3 Qd7 11. Kh2 g5 12. Nfd2 Nd4 13. Nb3 Qb5 14. Re1 Kb8
15. a4 Qb6 {Black offered a draw.} 16. a5 Qb5 17. Nc3 Qa6 18. Bxd4 exd4 19. Nd5
Qd6 20. c4 dxc3 21. Nxc3 a6 22. d4 Bc8 23. d5 Ne7 24. Nd4 Qb4 25. Ra4 Qc5 26.
Qb3 Ka8 27. Re6 Ka7 28. Rc4 Qxa5 29. Ra4 Qc5 30. Ncb5+ Kb8 31. Rc4 Qxd5 32.
Bxd5 axb5 33. Nxb5 Nxd5 34. Re1 Bd6 35. Ra1 b6 36. Ra8+ Kxa8 37. Qa4+ Ba6 38.
Qxa6+ Kb8 39. Ra4 1-0

[Event "Sydney International Open"]
[Site "Parramatta, NSW"]
[Date "2009.04.19"]
[Round "9.20"]
[White "Brown, Andrew"]
[Black "Bird, Andrew"]
[Result "1/2-1/2"]
[WhiteElo "2085"]
[BlackElo "2146"]
[PlyCount "207"]
[EventDate "2009.04.15"]
[EventType "swiss"]
[EventRounds "9"]
[EventCountry "AUS"]
[SourceDate "2009.04.15"]

1. d4 d5 2. c4 c6 3. Nf3 Nf6 4. Nc3 dxc4 5. a4 Bf5 6. e3 e6 7. Bxc4 Bb4 8. O-O
O-O 9. Qe2 Bg6 10. Ne5 Nbd7 11. Nxg6 hxg6 12. Rd1 Qa5 13. Na2 Bd6 14. e4 e5 15.
d5 Qc7 16. dxc6 bxc6 17. b4 Rab8 {Black offered a draw.} 18. a5 Rfd8 19. Be3
Nf8 20. f3 Qe7 21. Rab1 Rb7 22. a6 Rbd7 23. Rdc1 Rc7 24. Rc2 Ne6 25. Bxe6 Qxe6
26. Rbc1 Rdc8 27. Qc4 Qe7 28. Rd2 Rb8 29. Rb2 Nd7 30. Rcb1 Nf8 31. Nc1 Ne6 32.
Nd3 Rb5 33. Bc5 Nxc5 34. bxc5 Bxc5+ 35. Nxc5 Rxc5 36. Rb8+ Kh7 37. Qb4 Rb5 38.
Qe1 Rxb1 39. Qxb1 Qc5+ 40. Kh1 Rd7 41. Qe1 g5 42. h4 Qc2 43. Kh2 Rd1 44. Qg3
Qc1 45. Qxg5 Qxg5 46. hxg5 Ra1 47. Rb7 Kg6 48. Rxa7 c5 49. Re7 Rxa6 50. Rxe5
Rc6 51. Rd5 c4 52. Rd2 c3 53. Rc2 Kxg5 54. Kg3 Kf6 55. Kf4 g5+ 56. Ke3 Ke5 57.
g3 f6 58. f4+ gxf4+ 59. gxf4+ Ke6 60. Kd4 Rd6+ 61. Kxc3 Rd1 62. Ra2 Rd6 63. Ra5
Rb6 64. f5+ Kd6 65. Rd5+ Ke7 66. Ra5 Kd6 67. Kc4 Rc6+ 68. Kd4 Rb6 69. Rd5+ Ke7
70. Kc5 Rb1 71. Rd4 Ra1 72. Rb4 Rc1+ 73. Kd4 Rd1+ 74. Ke3 Re1+ 75. Kf2 Ra1 76.
Rb6 Ra3 77. Re6+ Kf7 78. Ke2 Rb3 79. Rd6 Ke7 80. Rd3 Rb1 81. Ke3 Rb4 82. Kf3
Rb1 83. Ke3 Rb4 84. Ra3 Rb1 85. Ra7+ Ke8 86. Kf3 Rf1+ 87. Kg4 Rg1+ 88. Kh5 Kf8
89. Kh6 Rg2 90. Kh7 Rg1 91. Ra3 Kf7 92. Ra7+ Kf8 93. Rd7 Rg4 94. Kh6 Rg1 95.
Kh5 Rg2 96. Kh4 Rg1 97. Rd3 Kf7 98. Rg3 Re1 99. Ra3 Rg1 100. Rg3 Re1 101. Ra3
Rg1 102. Rg3 Re1 103. Ra3 Rg1 104. Rg3 1/2-1/2

[Event "Sydney International Open"]
[Site "Parramatta, NSW"]
[Date "2009.04.19"]
[Round "9.21"]
[White "Zibaei, Abdoulla"]
[Black "Chow, Samuel"]
[Result "0-1"]
[WhiteElo "2067"]
[BlackElo "2299"]
[PlyCount "158"]
[EventDate "2009.04.15"]
[EventType "swiss"]
[EventRounds "9"]
[EventCountry "AUS"]
[SourceDate "2009.04.15"]

1. e4 e6 2. d4 d5 3. Nc3 Nf6 4. e5 Nfd7 5. f4 c5 6. Nf3 Nc6 7. Be3 cxd4 8. Nxd4
Bc5 9. Qd2 O-O 10. a3 a6 11. Be2 Qc7 12. Bg4 Nxd4 13. Bxd4 Bxd4 14. Qxd4 Nb8
15. O-O Nc6 16. Qd2 b5 17. Ne2 Qb6+ 18. Kh1 a5 19. Rf3 f6 20. exf6 Rxf6 21. Re3
Bd7 22. Re1 Raf8 23. Ng3 Qd4 24. Qe2 Qxf4 25. c3 Nd8 26. Rf3 Qd6 27. Rxf6 Rxf6
28. Qe3 b4 29. axb4 axb4 30. Nh5 Rf7 31. Qg5 Nc6 32. Ra1 Qf8 33. Ng3 bxc3 34.
bxc3 Qd6 35. Ne2 e5 36. Bxd7 Qxd7 37. Ra8+ Rf8 38. Rxf8+ Kxf8 39. h3 Qe6 40.
Qe3 Ne7 41. Qc5 Kf7 42. Ng3 Qf6 43. Qe3 Kg8 44. Qa7 g6 45. Kg1 Kf7 46. Qa5 Qf4
47. Ne2 Qe4 48. Kf1 Nf5 49. Qc7+ Kg8 50. Qd8+ Kg7 51. Qe8 Qe3 52. Qd7+ Kh6 53.
Qxd5 Qa7 54. Qf3 Qa4 55. g4 Qa1+ 56. Kf2 Qa7+ 57. Kf1 Ne3+ 58. Ke1 Kg7 59. Qe4
Qc5 60. Qb7+ Kh6 61. Qe4 Nc4 62. h4 Nd6 63. g5+ Kg7 64. Qf3 Nf7 65. Qf6+ Kf8
66. Qf3 Qc4 67. Ng3 Qxh4 68. Ke2 Qxg5 69. Ne4 Qf4 70. Qd3 h5 71. Nc5 Qg4+ 72.
Kd2 Qg2+ 73. Kc1 Qg1+ 74. Kc2 Qxc5 75. Qxg6 Qf2+ 76. Kb3 h4 77. Qe6 Qg3 78. Kb4
h3 79. c4 Qg2 0-1

[Event "Sydney International Open"]
[Site "Parramatta, NSW"]
[Date "2009.04.19"]
[Round "9.22"]
[White "Safarian, Alek"]
[Black "Oliver, Gareth"]
[Result "0-1"]
[WhiteElo "2061"]
[BlackElo "2187"]
[PlyCount "54"]
[EventDate "2009.04.15"]
[EventType "swiss"]
[EventRounds "9"]
[EventCountry "AUS"]
[SourceDate "2009.04.15"]

1. d4 Nf6 2. c4 g6 3. Nc3 Bg7 4. e4 d6 5. f3 O-O 6. Be3 Nc6 7. Qd2 a6 8. O-O-O
Re8 9. h4 h5 10. Nge2 b5 11. Nf4 e5 12. dxe5 Nxe5 13. c5 Be6 14. cxd6 Bc4 15.
Qf2 cxd6 16. Kb1 Rb8 17. Nfd5 Nxd5 18. Nxd5 Qa5 19. b3 Bxd5 20. Rxd5 Nc6 21.
Bc1 Rec8 22. Rd1 Nb4 23. a3 Rxc1+ 24. Kxc1 Rc8+ 25. Bc4 Qxa3+ 26. Kd2 bxc4 27.
bxc4 Qd3+ 0-1

[Event "Sydney International Open"]
[Site "Parramatta, NSW"]
[Date "2009.04.19"]
[Round "9.23"]
[White "Bennett, Hilton"]
[Black "Setiawan, Akwie"]
[Result "1-0"]
[WhiteElo "2028"]
[BlackElo "2185"]
[PlyCount "119"]
[EventDate "2009.04.15"]
[EventType "swiss"]
[EventRounds "9"]
[EventCountry "AUS"]
[SourceDate "2009.04.15"]

1. e4 d5 2. exd5 Nf6 3. d4 Nxd5 4. c4 Nb6 5. Nf3 c5 6. Be3 cxd4 7. Qxd4 Qxd4 8.
Nxd4 e5 9. Nb5 Na6 10. Nxa7 Rxa7 11. Bxb6 Ra8 12. Nc3 Nb4 13. O-O-O Bg4 14. f3
Bf5 15. a3 Be7 16. h4 Nc6 17. g4 Be6 18. Nd5 Rc8 19. Nc7+ Rxc7 20. Bxc7 f6 21.
Bb6 Kf7 22. Be2 Rc8 23. Kb1 Nb8 24. Rc1 Nd7 25. Be3 Ra8 26. c5 Nb8 27. Bc4 Nc6
28. Bxe6+ Kxe6 29. Rhd1 Ra4 30. Ka2 Ra5 31. Rc4 Ra8 32. b4 Na7 33. Kb3 Nc6 34.
f4 g6 35. f5+ gxf5 36. gxf5+ Kxf5 37. Rd7 Rb8 38. a4 Ke6 39. Rc7 h5 40. a5 f5
41. a6 Nd8 42. axb7 Nxb7 43. Rc6+ Kd5 44. Rb6 Bd8 45. Rxb7 Rxb7 46. c6 Rg7 47.
Bg5 {White offered a draw.} Bb6 48. Rc2 f4 49. Ka4 f3 50. Kb5 Bc7 51. Rd2+ Ke6
52. Kc5 e4 53. b5 Rxg5+ 54. hxg5 e3 55. Rd3 Bb6+ 56. Kxb6 e2 57. Re3+ Kd5 58.
c7 f2 59. c8=Q e1=Q 60. Qc5# 1-0

[Event "Sydney International Open"]
[Site "Parramatta, NSW"]
[Date "2009.04.19"]
[Round "9.24"]
[White "Camer, Angelito"]
[Black "Pon, N Krithikha"]
[Result "0-1"]
[WhiteElo "2013"]
[BlackElo "2180"]
[PlyCount "64"]
[EventDate "2009.04.15"]
[EventType "swiss"]
[EventRounds "9"]
[EventCountry "AUS"]
[SourceDate "2009.04.15"]

1. d4 Nf6 2. c4 c5 3. d5 b5 4. cxb5 a6 5. bxa6 Bxa6 6. Nf3 d6 7. Nc3 g6 8. g3
Bg7 9. Bg2 O-O 10. O-O Nbd7 11. Qc2 Ra7 12. Rd1 Qa8 13. h3 Rb8 14. e4 Ne8 15.
Bf1 Nc7 16. Bg5 Re8 17. Qd2 Nb6 18. Bh6 Bh8 19. Bf4 Bxf1 20. Kxf1 Rb8 21. Qe2
Na4 22. Nxa4 Rxa4 23. e5 Nxd5 24. Bc1 Bxe5 25. Kg1 Bg7 26. a3 h6 27. Nh4 Kh7
28. Qf3 Nf6 29. Qe2 Rb3 30. Qxe7 Rxh4 31. gxh4 Rxh3 32. Kf1 Qf3 0-1

[Event "Sydney International Open"]
[Site "Parramatta, NSW"]
[Date "2009.04.19"]
[Round "9.25"]
[White "Descallar, Levi"]
[Black "Broekhuyse, Paul"]
[Result "1/2-1/2"]
[WhiteElo "1984"]
[BlackElo "2118"]
[PlyCount "71"]
[EventDate "2009.04.15"]
[EventType "swiss"]
[EventRounds "9"]
[EventCountry "AUS"]
[SourceDate "2009.04.15"]

1. d4 f5 2. e4 fxe4 3. Nc3 Nf6 4. Bg5 Nc6 5. d5 Ne5 6. Qd4 d6 7. Nxe4 Bf5 8.
Bxf6 exf6 9. O-O-O Be7 10. f4 Nd7 11. Nf3 O-O 12. Ng3 Bg4 13. Re1 Bxf3 14. gxf3
f5 15. Bd3 Bf6 16. Qg1 Nc5 17. Bxf5 c6 18. Be6+ Kh8 19. Nh5 Qa5 20. Nxf6 Rxf6
21. Qd4 Qxa2 22. Rhg1 Qa1+ 23. Kd2 Qa4 24. Qxa4 Nxa4 25. dxc6 bxc6 26. Bd7 d5
27. Re7 g6 28. f5 Nxb2 29. fxg6 Nc4+ 30. Ke2 hxg6 31. Rg4 a5 32. Rh4+ Kg8 33.
Rhh7 a4 34. Bxc6 Rxc6 35. Rhg7+ Kf8 36. Rgf7+ 1/2-1/2

[Event "Sydney International Open"]
[Site "Parramatta, NSW"]
[Date "2009.04.19"]
[Round "9.26"]
[White "Setiabudi, Allen"]
[Black "Cheng, Bobby Sky"]
[Result "0-1"]
[WhiteElo "1843"]
[BlackElo "2103"]
[PlyCount "114"]
[EventDate "2009.04.15"]
[EventType "swiss"]
[EventRounds "9"]
[EventCountry "AUS"]
[SourceDate "2009.04.15"]

1. e4 c5 2. Nc3 e6 3. f4 a6 4. Nf3 Nc6 5. Be2 d5 6. exd5 exd5 7. O-O Nf6 8. Ne5
Be7 9. Nxc6 bxc6 10. d3 O-O 11. b3 Bd6 12. Na4 Re8 13. Bf3 Qc7 14. Ba3 Bxf4 15.
Bxc5 Bxh2+ 16. Kh1 Bg3 17. Bf2 Bxf2 18. Rxf2 Qg3 19. Kg1 Ng4 20. Bxg4 Bxg4 21.
Qd2 h5 22. Raf1 f6 23. Nc5 Qe3 24. Qxe3 Rxe3 25. d4 a5 26. a4 Ra7 27. Rb1 h4
28. b4 axb4 29. Rxb4 Re1+ 30. Rf1 Rxf1+ 31. Kxf1 h3 32. gxh3 Bxh3+ 33. Kf2 Kf7
34. Rb6 Bf5 35. c3 Bc2 36. Rxc6 Bxa4 37. Rd6 Bb5 38. Rxd5 Ra2+ 39. Kg1 Re2 40.
Nb7 Ba6 41. Nd6+ Ke6 42. Ra5 Kxd6 43. Rxa6+ Kd5 44. Ra5+ Ke4 45. Rc5 g5 46. d5
Rd2 47. Rc6 f5 48. c4 g4 49. Re6+ Kf3 50. Re1 f4 51. Rc1 Kg3 52. c5 f3 53. c6
Rg2+ 54. Kf1 Rh2 55. Ke1 Rh1+ 56. Kd2 Rxc1 57. Kxc1 f2 0-1

[Event "Sydney International Open"]
[Site "Parramatta, NSW"]
[Date "2009.04.19"]
[Round "9.27"]
[White "Cunanan, Kimberly Jane"]
[Black "Stead, Kerry"]
[Result "1-0"]
[WhiteElo "1991"]
[BlackElo "2087"]
[PlyCount "87"]
[EventDate "2009.04.15"]
[EventType "swiss"]
[EventRounds "9"]
[EventCountry "AUS"]
[SourceDate "2009.04.15"]

1. c4 g6 2. g3 Bg7 3. Bg2 c6 4. Nc3 Nf6 5. e4 d6 6. Nge2 O-O 7. O-O e5 8. d3
Ne8 9. h3 Be6 10. Be3 Qe7 11. Qd2 Nd7 12. f4 f5 13. Kh2 a6 14. Rac1 Nc7 15. b3
Rac8 16. d4 exd4 17. Nxd4 fxe4 18. Nxe4 d5 19. Nxe6 Qxe6 20. Ng5 Qd6 21. cxd5
Nxd5 22. Rfd1 h6 23. Bxd5+ cxd5 24. Rxc8 Rxc8 25. Ne4 Qc6 26. Qxd5+ Qxd5 27.
Rxd5 Re8 28. Rxd7 Rxe4 29. Rd3 Re6 30. Kg2 Bf8 31. Kf3 Be7 32. Rd7 b5 33. Rd5
Kf7 34. g4 Rc6 35. f5 gxf5 36. Rxf5+ Kg6 37. Ke4 Rc2 38. Rf2 Rc6 39. Bd4 h5 40.
gxh5+ Kxh5 41. Rf7 Ba3 42. Be5 Kh4 43. Rh7+ Kg5 44. Bf4+ 1-0

[Event "Sydney International Open"]
[Site "Parramatta, NSW"]
[Date "2009.04.19"]
[Round "9.28"]
[White "Siddiqi, Shan"]
[Black "Dizdarevich, Mehmedalija"]
[Result "1/2-1/2"]
[WhiteElo "1683"]
[BlackElo "2081"]
[PlyCount "83"]
[EventDate "2009.04.15"]
[EventType "swiss"]
[EventRounds "9"]
[EventCountry "AUS"]
[SourceDate "2009.04.15"]

1. e4 d5 2. exd5 Nf6 3. Bb5+ Bd7 4. Bc4 Bg4 5. f3 Bf5 6. Nc3 Nbd7 7. Nge2 Nb6
8. Bb5+ Bd7 9. O-O Bxb5 10. Nxb5 Nfxd5 11. c4 Nb4 12. d4 c6 13. Nbc3 e6 14. a3
Na6 15. b3 Be7 16. Ne4 O-O 17. Nf4 Nc7 18. Be3 Ne8 19. d5 cxd5 20. cxd5 Nxd5
21. Nxd5 exd5 22. Nc3 Bf6 23. Bd4 Qa5 24. b4 Qd8 25. Re1 Rc8 26. Rc1 Rc4 27.
Bxf6 Nxf6 28. Qb3 Qb6+ 29. Kf1 Rcc8 30. Rcd1 Rcd8 31. a4 d4 32. Ne2 Rd7 33. Rd3
Rfd8 34. Red1 Qc7 35. Kg1 Qe5 36. Qb2 Re8 37. Rxd4 Rde7 38. Ng3 h6 39. Qc2 Qe3+
40. Kf1 g6 41. Rd8 Rxd8 42. Rxd8+ 1/2-1/2

[Event "Sydney International Open"]
[Site "Parramatta, NSW"]
[Date "2009.04.19"]
[Round "9.29"]
[White "Stojic, Dusan"]
[Black "Jule, Alexandra"]
[Result "0-1"]
[WhiteElo "2229"]
[BlackElo "1928"]
[PlyCount "72"]
[EventDate "2009.04.15"]
[EventType "swiss"]
[EventRounds "9"]
[EventCountry "AUS"]
[SourceDate "2009.04.15"]

1. e4 e6 2. d4 d5 3. e5 c5 4. c3 Qb6 5. Nf3 Nc6 6. a3 a5 7. Bd3 Bd7 8. Bc2 f6
9. O-O cxd4 10. cxd4 fxe5 11. dxe5 Nge7 12. Nc3 g6 13. Be3 Qd8 14. Nb5 Nc8 15.
Bg5 Be7 16. Bxe7 N6xe7 17. Nbd4 O-O 18. Ng5 Ra6 19. f4 h6 20. Bxg6 Nxg6 21.
Ngxe6 Bxe6 22. Nxe6 Rxe6 23. f5 Rxe5 24. Qg4 Qg5 25. Qxg5 hxg5 26. fxg6 Rxf1+
27. Rxf1 Nd6 28. Rf6 Re1+ 29. Kf2 Ne4+ 30. Kxe1 Nxf6 31. Ke2 Kg7 32. Ke3 Kxg6
33. Kd4 Kf5 34. b4 axb4 35. axb4 Ke6 36. h3 Nh5 0-1

[Event "Sydney International Open"]
[Site "Parramatta, NSW"]
[Date "2009.04.19"]
[Round "9.30"]
[White "Lester, George"]
[Black "Amrutha, Mokal"]
[Result "1/2-1/2"]
[WhiteElo "1801"]
[BlackElo "2155"]
[PlyCount "36"]
[EventDate "2009.04.15"]
[EventType "swiss"]
[EventRounds "9"]
[EventCountry "AUS"]
[SourceDate "2009.04.15"]

1. d4 Nf6 2. c4 e6 3. Nc3 Bb4 4. e3 O-O 5. Nge2 d5 6. a3 Be7 7. cxd5 exd5 8. b4
Re8 9. Ng3 g6 10. Bd3 c6 11. O-O Bd6 12. b5 Ng4 13. Be2 h5 14. e4 Nxh2 15. Kxh2
h4 16. e5 hxg3+ 17. fxg3 Bf8 18. Be3 cxb5 1/2-1/2

[Event "Sydney International Open"]
[Site "Parramatta, NSW"]
[Date "2009.04.19"]
[Round "9.31"]
[White "Davis, Tony"]
[Black "Gibbons, Bob"]
[Result "1/2-1/2"]
[WhiteElo "1983"]
[BlackElo "2067"]
[PlyCount "208"]
[EventDate "2009.04.15"]
[EventType "swiss"]
[EventRounds "9"]
[EventCountry "AUS"]
[SourceDate "2009.04.15"]

1. Nc3 e5 2. Nf3 Nc6 3. d4 exd4 4. Nxd4 Qf6 5. Ndb5 Bc5 6. Ne4 Bb4+ 7. c3 Qe5
8. Nxc7+ Qxc7 9. cxb4 Nxb4 10. Nc3 Nf6 11. a3 Nc6 12. Bg5 O-O 13. Bxf6 gxf6 14.
e3 b6 15. Qg4+ Kh8 16. Qh4 Qe5 17. Bd3 f5 18. O-O-O d5 19. Kb1 Rg8 20. f4 Qd6
21. Be2 Be6 22. Qf6+ Rg7 23. Rxd5 Qe7 24. Qxe7 Nxe7 25. Rd6 Re8 26. Bf3 Ng6 27.
Rhd1 Rgg8 28. Nd5 Rc8 29. Nf6 Rgf8 30. Bd5 Bxd5 31. R1xd5 Ne7 32. Re5 Rc7 33.
e4 fxe4 34. Rh5 Kg7 35. Rxh7+ Kg6 36. g4 Nc8 37. f5+ Kg5 38. Rh5+ Kf4 39. Rd1
Re7 40. Rh3 Kg5 41. Nh7+ Kxg4 42. Rg3+ Kxf5 43. Nxf8 e3 44. Re1 Kf4 45. Kc2 Nd6
46. Rf1+ Ke4 47. Rg4+ Kd5 48. Rd1+ Kc6 49. Kd3 Re8 50. Nh7 Rd8 51. Rc1+ Kb5 52.
Kxe3 Rh8 53. Rb4+ Ka6 54. Nf6 Rxh2 55. Kf4 Re2 56. Rc6 Nb7 57. Nd5 Nc5 58. Kf3
Re1 59. Rc7 f5 60. Rh4 Ne6 61. Nb4+ Kb5 62. a4+ Kxa4 63. Nd3+ Kb5 64. Rb4+ Ka6
65. Ra4+ Kb5 66. Rb4+ Ka6 67. Nxe1 Nxc7 68. Rf4 Ne6 69. Rh4 Ka5 70. Nc2 b5 71.
Rh5 Ka4 72. Rxf5 Kb3 73. Rxb5+ Kxc2 74. Ke4 a6 75. Rb6 Nc5+ 76. Kd4 Na4 77.
Rxa6 Nxb2 78. Rc6+ Kb3 79. Rc3+ Kb4 80. Rc8 Kb3 81. Rc7 Kb4 82. Rb7+ Ka3 83.
Kc3 Na4+ 84. Kc2 Nc5 85. Rb5 Ne4 86. Re5 Nd6 87. Rd5 Nb7 88. Kc3 Ka4 89. Rd7
Na5 90. Rd5 Nb7 91. Rh5 Na5 92. Rg5 Nb7 93. Rg7 Nd6 94. Rd7 Nb5+ 95. Kc4 Na3+
96. Kc5 Kb3 97. Rd3+ Kb2 98. Rh3 Nc2 99. Rg3 Na3 100. Kb4 Nc2+ 101. Ka4 Nd4
102. Rd3 Nc2 103. Kb5 Na3+ 104. Ka4 Nc2 1/2-1/2

[Event "Sydney International Open"]
[Site "Parramatta, NSW"]
[Date "2009.04.19"]
[Round "9.32"]
[White "Chan, Jason"]
[Black "Grigg, Sam"]
[Result "0-1"]
[WhiteElo "2056"]
[BlackElo "1927"]
[PlyCount "80"]
[EventDate "2009.04.15"]
[EventType "swiss"]
[EventRounds "9"]
[EventCountry "AUS"]
[SourceDate "2009.04.15"]

1. e4 e6 2. d3 d5 3. Nd2 c5 4. Ngf3 Nc6 5. g3 Nf6 6. Bg2 Be7 7. O-O O-O 8. e5
Nd7 9. Re1 f6 10. exf6 Nxf6 11. Bh3 e5 12. Bxc8 Qxc8 13. Nxe5 Nxe5 14. Rxe5 Bd6
15. Re2 Ng4 16. f3 Ne5 17. f4 Ng6 18. Nf3 Qg4 19. Rg2 Rae8 20. Bd2 Re7 21. Qf1
Ne5 22. Rf2 Nxf3+ 23. Rxf3 Rfe8 24. Rf2 h5 25. Qg2 Qf5 26. Kf1 c4 27. d4 g6 28.
h3 Kg7 29. g4 hxg4 30. hxg4 Qxc2 31. Qxd5 Qd3+ 32. Kg2 Re2 33. Raf1 Rxd2 34.
Qxd6 Qe4+ 35. Kg3 Rd3+ 36. Rf3 Rxf3+ 37. Rxf3 Qe1+ 38. Rf2 Qg1+ 39. Kf3 Qh1+
40. Rg2 Qh3+ 0-1